Dreaming in Cuba : (Record no. 10621)

MARC details
000 -LEADER
fixed length control field 00522nam a22001932 4500
001 - CONTROL NUMBER
control field 0000002740
005 - DATE AND TIME OF LATEST TRANSACTION
control field 20151217154335.0
008 - FIXED-LENGTH DATA ELEMENTS--GENERAL INFORMATION
fixed length control field 070419s xx 000 0 eng d
020 ## - INTERNATIONAL STANDARD BOOK NUMBER
International Standard Book Number 0345381432 :
040 ## - CATALOGING SOURCE
Original cataloging agency KABU
Transcribing agency KABU
050 #0 - LIBRARY OF CONGRESS CALL NUMBER
Classification number PR9265.9
Item number .G37D74
100 1# - MAIN ENTRY--PERSONAL NAME
Personal name Garcia, Cristina.
-- 0000152242
245 10 - TITLE STATEMENT
Title Dreaming in Cuba :
Remainder of title a novel.
260 ## - PUBLICATION, DISTRIBUTION, ETC. (IMPRINT)
Place of publication, distribution, etc. New York :
Name of publisher, distributor, etc. Ballantine Books,
Date of publication, distribution, etc. 1992.
300 ## - PHYSICAL DESCRIPTION
Extent 244 p.
908 ## - PUT COMMAND PARAMETER (RLIN)
Put command parameter 070419
950 ## - LOCAL HOLDINGS (RLIN)
-- 1
Holdings
Withdrawn status Lost status Source of classification or shelving scheme Not for loan Home library Current library Date acquired Total Checkouts Full call number Barcode Date last seen Date last checked out Price effective from Koha item type
    Library of Congress Classification   Kabarak, Main Campus Kabarak, Main Campus 17/12/2015 3 PR9265.9 .G37D74 004478 25/11/2022 26/01/2018 17/12/2015 General Collection
Designed with assistance from East African Informatics Ltd